Isabelle Boulay - Parle moi - Statistiques

Statistiques générales
  • Ce quiz a été pris 135 fois
  • Le résultat moyen est 148 sur 193
Statistiques - réponses
Hint Réponse % Correct
Couplet 1 | Couplet 2 Je
100%
je
100%
ne
100%
plus
98%
te
98%
comment
96%
sais
96%
le
95%
dire
93%
les
93%
de
91%
Et
91%
ta
91%
tu
91%
Tu
91%
à
89%
a
89%
Ces
89%
pour
89%
Pour
89%
qui
89%
87%
la
87%
moi
87%
mots
87%
Ni
87%
que
87%
Refrain Oh
85%
me
84%
Parle-moi
84%
parle-moi
84%
trouve
84%
si
82%
Si
82%
dis-moi
80%
Dis-moi
80%
peau
80%
t'aimer
80%
es
78%
loin
78%
rire
78%
faisaient
76%
un
76%
Des
75%
Mais
75%
pas
75%
ceux
73%
regarde-moi
73%
Regarde-moi
73%
trouvais
73%
beaux
71%
garder
71%
J'ai
71%
pourquoi
69%
ai
64%
on
62%
y
62%
amour
60%
est
60%
Il
60%
Cet
58%
tant
58%
vie
58%
fois
56%
jamais
56%
même
56%
qu'il
56%
faut
55%
tout
55%
avancer
53%
nos
53%
t'écrire
53%
Celle
51%
continuer
51%
n'en
51%
souvenirs
51%
voulu
51%
aussi
47%
dos
47%
dont
45%
perdus
45%
dois
44%
souffrir
44%
Souffrir
44%
survivre
44%
autant
42%
commençait
42%
courbé
42%
m'en
42%
dérive
40%
moments
40%
rêvait
40%
terminé
40%
aller
38%
cru
38%
j'y
38%
cesse
36%
frôler
36%
qu'enfin
36%
poursuivre
35%
revivre
35%
Woh
2%
Aucun quiz correspondant
Distribution des résultats
% des personnes avec chaque résultat
Percentile par nombre de réponses
Votre historique - résultats
Vous n’avez pas pris ce quiz